000 00343nam a22001457a 4500
008 210514b ||||| |||| 00| 0 eng d
020 _a001554135385
041 _aeng
080 _a32
082 _a32
100 _a23
101 _aSHP
245 _aIndia Government and Politics in a Developing Nation
_cHardgrave,R.L
942 _2udc
_cBK
999 _c57335
_d57335